• 首页
  • 本馆介绍
  • 公告通知
  • 最新文献
  • 馆藏检索
  • 电子资源
  • 读者导购
  • 参考咨询
  • 我的图书馆
  • 登录
  • 详细信息显示
  • 放入我的书架
  • 预约/预借图书
  • 作者相关作品
  • 分类相关作品
  • 丛书相关作品
  • 出版社相关作品

书目信息

  • 表格格式
  • 工作单格式
  • 卡片格式
题名:
看·听·读
    
 
作者: 列维-斯特劳斯 , Levi-Strauss 著 ;顾嘉琛 译
分册:  
出版信息: 北京   中国人民大学出版社  2006
页数: 11,204页
开本: 22cm
丛书名: 列维-斯特劳斯文集
单 册:
中图分类: J051-53 , J051
科图分类:
主题词: 艺术评论--世界--文集
电子资源:
ISBN: 7-300-07014-0
000 01093nam0 2200301 450
000 01084nam0 2200289 450
000 01014nam0 2200265 450
000 00977oam2 2200253 450
005 20070602082429.32
010    @a7-300-07014-0@b精装@dCNY29.00
100    @a20060429d2006 em y0chiy0110 ea
101 1  @achi@cfre
102    @aCN@b110000
105    @aa z 001yy
200 1  @a看·听·读@AKan· Ting· Dou@f(法)克洛德·列维-斯特劳斯(Claude Levi-Strauss)著@F( Fa ) Ke Luo De· Lie Wei - Si Te Lao Si (Claude Levi-Strauss) Zhu@g顾嘉琛译
210    @a北京@c中国人民大学出版社@d2006
215    @a11,204页@c图@d22cm
225 2  @a列维-斯特劳斯文集@v12
330    @a本书包括了看普森的画、听拉摩的乐曲、话语与音乐、声音和颜色、观赏艺术作品等内容。
410  0 @12001 @a列维-斯特劳斯文集@v12
606 0  @a艺术评论@y世界@j文集
690    @aJ051-53@v4
690    @aJ051@v3
701  1 @c(法)@a列维-斯特劳斯@ALie Wei - Si Te Lao Si@bC.@4著
701  1 @c(法)@aLevi-Strauss@bClaude@4著
702  0 @a顾嘉琛@AGu Jia Chen@4译
801  0 @CN@bTAOJIN@c20070602
905    @a10447@dJ051@e193
    
    看·听·读/(法)克洛德·列维-斯特劳斯(Claude Levi-Strauss)著/顾嘉琛译.-北京:中国人民大学出版社,2006
    11,204页:图;22cm.-(列维-斯特劳斯文集;12)
    
    
    ISBN 7-300-07014-0(精装):CNY29.00
    本书包括了看普森的画、听拉摩的乐曲、话语与音乐、声音和颜色、观赏艺术作品等内容。
●
相关链接 在E读中查询图书 在五车中查询图书 在当当中查询图书 在豆瓣中查询图书


正题名:看·听·读     索取号:J051/193         预约/预借

序号 登录号 条形码 馆藏地/架位号 状态 备注
1 0524017   205240176   第一样本阅览室/ [索取号:J051/193] 在馆    
2 0524018   205240185   第一借阅区/ [索取号:J051/193] 在馆    
3 0524019   205240194   第一借阅区/ [索取号:J051/193] 在馆    
4 0524020   205240201   第一借阅区/ [索取号:J051/193] 在馆    
5 0524021   205240210   第一借阅区/ [索取号:J051/193] 在馆    
6 0524022   205240229   第一借阅区/ [索取号:J051/193] 在馆    
7 0524023   205240238   第一借阅区/ [索取号:J051/193] 在馆    
8 0524024   205240247   第一借阅区/ [索取号:J051/193] 在馆    
唐山师范学院图书馆 欢迎您!
大连网信软件有限公司© 版权所有